Statistiken für Belgien-Quiz

Klicken Sie hier um das Quiz zu spielen!

Allgemein

  • Dieses Quiz wurde 809 mal gespielt
  • Das Durchschnittsergebnis liegt bei 17 aus 24

Antwortstatistiken

Hinweis Antwort % Korrekt
Hauptstadt(region) BelgiensBrüssel
99%
NachbarländerNiederlande
98%
NachbarländerLuxemburg
97%
NachbarländerDeutschland
97%
NachbarländerFrankreich
97%
Meistgesprochene SprachenFranzösisch
95%
Meistgesprochene SprachenNiederländisch
93%
Angrenzendes MeerNordsee
90%
Kleine, blaue ComicfigurenDie Schlümpfe
79%
Was Belgier auf ihre Pommes tunMayonnaise
78%
Ort von Napoleons letzter SchlachtWaterloo
78%
Region von BelgienFlandern
77%
Essen, das in gitterförmigen Eisen
gemacht wird
Waffeln
68%
Region von BelgienWallonien
68%
Gastgeberstadt der
Olympischen Spiele 1920
Antwerpen
68%
Frühere afrikanische KolonieBelgisch-Kongo
68%
Stadt berühmt für ihre KanäleBrügge
59%
Schauspieler, auch bekannt als JCVDJean-Claude Van
Damme
59%
Maler fleischiger FrauenPeter Paul Rubens
40%
Wofür die Trappistenmönche
berühmt waren
Bier
40%
Wenn Sie Moules-frites essen,
essen Sie dieses Tier
Miesmuscheln
36%
Fiktiver DetektivHercule Poirot
30%
Aktueller KönigPhilippe
29%
Maler, der Ihnen sagen wird,
dass das keine Pfeife ist
René Magritte
17%

Verteilung der Resultate

Perzentil nach korrekt beantworteten Fragen

Anzahl Personen mit jedem Resultat

Ihre Resultats-Entwicklung

Sie haben dieses Quiz noch nicht gespielt